000 00459nam a2200169Ia 4500
008 180921t2014 xxu||||| |||| 00| 0 sin d
041 _asin
080 _a92
_bABE
100 _aAbewicrama, Chathupama
245 _aනොනිමි නාදය - බොබ් මාලි
246 _aNonimi Naadaya - Bob Marle
260 _bSanhida
_aNugegoda
_c2014
300 _b127p, 21cm
942 _cBK
999 _c104
_d104
003 LK-CoDNM
040 _aLK-CoDNM
_dLK-CoDNM
_eLK-CoDNM